| 000 | 04576cam a22011654i 4500 | ||
|---|---|---|---|
| 003 | PE-LiUPU | ||
| 005 | 20251230075853.0 | ||
| 008 | 241211b |||||||| |||| 00| 0 spa d | ||
| 020 | _a9786079963910 | ||
| 040 |
_aPE-LiUPU _bspa _cPE-LiUPU _erda _dPE-LiUPU |
||
| 082 | 0 | 4 |
_a323.46 _bO29h _223 |
| 100 | 1 |
_aOestreich, Gerhard, _eautor. _94814 |
|
| 245 | 1 | 0 |
_aHistoria de los derechos humanos y de las libertades fundamentales / _cHerhard Oestreich. |
| 250 | _aPrimera edición. | ||
| 264 | 1 |
_aMéxico : _bDerecho Global Editores, _c2023. |
|
| 300 |
_a322 páginas ; _c21 centímetros. |
||
| 336 |
_atext _2rdacontent |
||
| 337 |
_aunmediated _2rdamedia |
||
| 338 |
_avolume _2rdacarrier |
||
| 505 | _aDisciplina y libertad en Gerhard Oestreich -- El trabajo de toda su vida -- «Disciplina social» -- El origen de los derechos en la Edad moderna -- Neoestoicismo y derechos del hombre en los siglos XVI eXVII. Fundación del «jusgentium» en el derecho natural -- Contra las tesis de G. Jellinek -- Del iusnaturalismo al positivismo jurídico – Ideologías y derechos: los derechos sociales -- Una historia occidental de los derechos. ¿Universalismo de los principios y relativismo de las culturas o bien incompatibilidad de los principios? – Prefacio a la segunda edición – Introducción -- Dignidad humana y libertad política en la edad antigua -- La imagen del hombre en el cristianismo de los orígenes -- El derecho natural en la Edad Media -- Los derechos de libertad de clase -- Los reformadores -- Las teorías contractualistas de los siglos XVI y XVII -- Las «civil liberties» en la Inglaterra revolucionaria -- La guerra campesina y el problema religioso en Alemania -- Las teorías iusnaturalistas alemanas -- El absolutismo ilustrado -- Los «Bills of Rights» en América -- Los antecedentes históricos de las declaraciones francesas -- Las declaraciones desde 1789 hasta 79 – El idealismo alemán --. El «Vormärz» -- La revolución de l848-49 – El positivismo a partir de mediados del siglo XIX -- Socialismo y derechos sociales fundamentales -- Derechos humanos y libertades fundamentales después de 1945 -- Una nueva comprensión en la jurisprudencia, en la teología y en la ética social del presente -- Fuentes y obras de referencia general (históricas y sistemáticas) -- Sobre la historia de cada derecho fundamental -- Capítulos I, III y IV, V, VI, VII, VIII, IX, X, XI, XII, XIII, XIV, XV -- Fuentes y obras de referencia general sobre el siglo XIX, -- Capítulos XVI, XVII, XVII, XIX, XX -- Publicaciones a partir de 1966 -- Fuentes y léxicos -- Obras de carácter general -- Historia constitucional, del derecho y de la cultura – Sobre los directores de la colección Filosofía y Sociología del Derecho. | ||
| 526 | _aP202 | ||
| 526 | _aP201 | ||
| 526 | _aP163 | ||
| 526 | _aP162 | ||
| 526 | _aP161 | ||
| 526 | _aP160 | ||
| 526 | _aP148 | ||
| 526 | _aP147 | ||
| 526 | _aP146 | ||
| 526 | _aP145 | ||
| 526 | _aP144 | ||
| 526 | _aP143 | ||
| 526 | _aP142 | ||
| 526 | _aP141 | ||
| 526 | _aP140 | ||
| 526 | _aP139 | ||
| 526 | _aP138 | ||
| 526 | _aP137 | ||
| 526 | _aP136 | ||
| 526 | _aP135 | ||
| 526 | _aP134 | ||
| 526 | _aP133 | ||
| 526 | _aP129 | ||
| 526 | _aP128 | ||
| 526 | _aP127 | ||
| 526 | _aP120 | ||
| 526 | _aP119 | ||
| 526 | _aP118 | ||
| 526 | _aP116 | ||
| 526 | _aP115 | ||
| 526 | _aP114 | ||
| 526 | _aP110 | ||
| 526 | _aP109 | ||
| 526 | _aP108 | ||
| 526 | _aP104 | ||
| 526 | _aP103 | ||
| 526 | _aP102 | ||
| 526 | _aP99 | ||
| 526 | _aP98 | ||
| 526 | _aP97 | ||
| 526 | _aP96 | ||
| 526 | _aP95 | ||
| 526 | _aP93 | ||
| 526 | _aP90 | ||
| 526 | _aP89 | ||
| 526 | _aP88 | ||
| 526 | _aP83 | ||
| 526 | _aP82 | ||
| 526 | _aP62 | ||
| 526 | _aP59 | ||
| 526 | _aP58 | ||
| 526 | _aP57 | ||
| 526 | _aP51 | ||
| 526 | _aP49 | ||
| 526 | _aP48 | ||
| 526 | _aP47 | ||
| 526 | _aP29 | ||
| 526 | _aP24 | ||
| 526 | _aP20 | ||
| 526 | _aP19 | ||
| 526 | _aP17 | ||
| 526 | _aP15 | ||
| 526 | _aP14 | ||
| 526 | _aP12 | ||
| 526 | _aP10 | ||
| 526 | _aP09 | ||
| 526 | _aP08 | ||
| 526 | _aP07 | ||
| 526 | _aP06 | ||
| 526 | _aP05 | ||
| 526 | _aP04 | ||
| 526 | _aP01 | ||
| 650 | 1 | 4 |
_aDerecho. _93516 |
| 650 | 1 | 4 |
_aDerechos humanos _xHistoria. _94815 |
| 650 | 1 | 0 |
_aDerechos fundamentales _93370 |
| 700 |
_aCarella, Nicoletta, _etraductora. _94816 |
||
| 942 |
_2ddc _cBK |
||
| 999 |
_c62757 _d62756 |
||
| 980 |
_618226 _aJaime Vilcazán Jefe de Análisis Documental _818226 _gJaime Vilcazán Jefe de Análisis Documental |
||